अपूर्ण और अन्य कवितायेँ / (Record no. 112687)

MARC details
000 -LEADER
fixed length control field 01252nam a22002657a 4500
005 - DATE AND TIME OF LATEST TRANSACTION
control field 20170124102942.0
010 ## - LIBRARY OF CONGRESS CONTROL NUMBER
LC control number B-040216
020 ## - INTERNATIONAL STANDARD BOOK NUMBER
Terms of availability 125.00
International Standard Book Number 8126701854
035 ## - SYSTEM CONTROL NUMBER
System control number B-040216
037 ## - SOURCE OF ACQUISITION
Source of stock number/acquisition Cen Lib/Ret
040 ## - CATALOGING SOURCE
Original cataloging agency DPL
Language of cataloging HN
082 ## - DEWEY DECIMAL CLASSIFICATION NUMBER
Classification number 821
Item number सच्चिदा
100 ## - MAIN ENTRY--PERSONAL NAME
Personal name सच्चिदानंद के.
9 (RLIN) 48740
245 ## - TITLE STATEMENT
Title अपूर्ण और अन्य कवितायेँ /
Statement of responsibility, etc के.सच्चिदानंद ;अनुवादक रति सक्सेना
246 ## - VARYING FORM OF TITLE
Title proper/short title Apuran or anya kavitayen ;anuvadak Rati Sxena
Remainder of title by K. Sachchidanand
260 ## - PUBLICATION, DISTRIBUTION, ETC. (IMPRINT)
Place of publication, distribution, etc नई दिल्ली
Name of publisher, distributor, etc राजकमल प्रकाशन
Date of publication, distribution, etc 2001
270 ## - ADDRESS
Address 1-बी ,नेता जी सुभाष मार्ग दरिया गंज
City नई दिल्ली
Postal code 110002
300 ## - PHYSICAL DESCRIPTION
Extent 115पृष्ठ.
Dimensions 21सेमी(सजिल्द)
650 ## - SUBJECT ADDED ENTRY--TOPICAL TERM
Topical term or geographic name as entry element हिंदी साहित्य
9 (RLIN) 48741
650 ## - SUBJECT ADDED ENTRY--TOPICAL TERM
Topical term or geographic name as entry element सच्चिदानंद का कव्य
9 (RLIN) 3931
650 ## - SUBJECT ADDED ENTRY--TOPICAL TERM
Topical term or geographic name as entry element Hindi Literature
9 (RLIN) 48742
650 ## - SUBJECT ADDED ENTRY--TOPICAL TERM
Topical term or geographic name as entry element Sachchidanand poetry
9 (RLIN) 48743
700 ## - ADDED ENTRY--PERSONAL NAME
Personal name सक्सेना, रति
9 (RLIN) 4358
942 ## - ADDED ENTRY ELEMENTS (KOHA)
Source of classification or shelving scheme Dewey Decimal Classification
Koha item type Hindi Books
Classification part 821
Call number suffix सच्चिदा
Holdings
Withdrawn status Lost status Damaged status Not for loan Home library Current library Date acquired Source of acquisition Cost, normal purchase price Total Checkouts Full call number Barcode Date last seen Copy number Cost, replacement price Price effective from Koha item type
        Central Library Central Library 10/08/2015 Cen Lib/Ret 125.00   821 सच्चिदा B-040216 10/08/2015 1 125.00 10/08/2015 Hindi Books

© Delhi Public Library
Hit Counter
free hit counter